Ke slávě Ducha : sedm století církevního výtvarného umění v královéhradecké diecézi : [Východočeská galerie v Pardubicích, od 20. prosince do 31. srpna 2004 : katalog výstavy] /

Other Authors: Hrubý, Vladimír, 1950-, Panoch, Pavel, 1974-
Language: Czech
Published: V Pardubicích : Východočeská galerie, c2003
Edition: Vyd. 1.
Online Access: Digitalizovaný dokument
Physical Description: 92 s. : barev. il. ; 30 cm
Book
Saved in:
LEADER 01846nam a2200433 a 4500
001 000702534
003 CZ BrMZK
005 20230715133455.0
007 ta
008 040112s2003 xr a e c 000 0 cze d
015 |a cnb001292277 
020 |a 80-85112-39-6  |q (brož.) 
035 |a (OCoLC)56850878 
040 |a KLG001  |b cze  |d BOA001  |d ABA001 
041 0 |a cze  |b eng 
043 |a e-xr---  |b e-xr-kr  |2 czenas 
072 7 |a 27-5  |x Liturgie. Křesťanské umění a symbolika. Duchovní život  |2 Konspekt  |9 5 
080 |a 72/79:27-52  |2 MRF 
080 |a (437.313)  |2 MRF 
080 |a (083.824)  |2 MRF 
080 |a 27-526  |2 MRF 
245 0 0 |a Ke slávě Ducha :  |b sedm století církevního výtvarného umění v královéhradecké diecézi : [Východočeská galerie v Pardubicích, od 20. prosince do 31. srpna 2004 : katalog výstavy] /  |c Vladimír Hrubý, Pavel Panoch (ed.) 
250 |a Vyd. 1. 
260 |a V Pardubicích :  |b Východočeská galerie,  |c c2003 
300 |a 92 s. :  |b barev. il. ;  |c 30 cm 
500 |a Anglické resumé 
500 |a 800 výt. 
504 |a Obsahuje bibliografii 
610 2 7 |a Katolická církev.  |b Diecéze královéhradecká  |7 ko2002161924  |2 czenas 
650 0 7 |a liturgické předměty  |7 ph122419  |y 14.-20. stol.  |2 czenas 
650 0 7 |a církevní umění  |7 ph119303  |z Česko  |y 14.-20. stol.  |2 czenas 
651 7 |a Hradec Králové (Česko)  |7 ge129332  |2 czenas 
655 7 |a katalogy výstav  |7 fd132536  |2 czenas 
700 1 |a Hrubý, Vladimír,  |d 1950-  |7 jn20000401092  |4 edt 
700 1 |a Panoch, Pavel,  |d 1974-  |7 mzk2004217546  |4 edt 
856 4 1 |u http://www.digitalniknihovna.cz/mzk/uuid/uuid:30cb2db0-e2eb-11e2-9923-005056827e52  |y Digitalizovaný dokument  |x NDK 
910 |a BOA001  |b 3-1127.294 
990 |a BK 
996 6 |b 2610209255  |c 3-1127.294  |l MZK  |r Sklad / do 1 hodiny  |n 10  |p p.v.  |w 000702534  |u 000010  |a 1  |e BOA001  |j MZK50  |s P